000 00596nam a22001457a 4500
082 _a823
_bMUR/W
100 _aMURTY,SUDHA
245 _aWISE AND OTHERWISE
246 _aWISE AND OTHERWISE
_bWISE AND OTHERWISE
260 _aINDIA
_bPENGUIN BOOKS,
_c2023
300 _a220
520 _aA man dumps his aged father in an old-age home after declaring him to be a homeless stranger, a tribal chief in the Sahyadri hills teaches the author that there is humility in receiving too, and a sick woman remembers to thank her benefactor even from her deathbed.
650 _aENGLISH STORIES
942 _cBK
999 _c8954
_d8954